| 000 | 00562nam a22001937a 4500 | ||
|---|---|---|---|
| 999 |
_c7985 _d7985 |
||
| 003 | OSt | ||
| 005 | 20220812142612.0 | ||
| 008 | 220812b ||||| |||| 00| 0 eng d | ||
| 020 | _a9783540761976 | ||
| 040 | _cDDC | ||
| 082 | _a512.72 TAT 1999 | ||
| 100 |
_a Jones, Gareth A; J. Mary Jones _916216 |
||
| 245 | _aElementary number theory. | ||
| 260 |
_aLondon ; New York : _bSpringer, _cc1999 |
||
| 300 |
_axiv, 301 p. : _b ill. ; _c24 cm |
||
| 504 | _aIncludes bibliographical references and indexes | ||
| 650 |
_aNumber theory. _915916 |
||
| 942 |
_2ddc _cBOOK |
||